| 000 | 01149nas a2200349 4500 | ||
|---|---|---|---|
| 001 | BR2016000736 | ||
| 003 | BR-BrBNA | ||
| 005 | 20231205130125.0 | ||
| 007 | ta | ||
| 008 | 230509b bl.|||p| |||| 00| 00por d | ||
| 040 |
_aBR-BrBNA _bpor _cBiblioteca Nacional de Agricultura |
||
| 041 | _a(Pt) | ||
| 072 | _aH20 | ||
| 100 | 1 | _aRodríguez, D. | |
| 100 | 1 | _aAlonso, M. | |
| 100 | 1 | _aValero, L. | |
| 100 | 1 | _aPeña, I. | |
| 100 | 1 | _aFigueira, A.R. | |
| 100 | 1 | _aRamos, R. | |
| 245 | 1 | _aSeveridade da mancha anelar do mamoeiro em diferentes genótipos do grupo solo introduzidos em Cuba | |
| 246 | 1 | _aSeverity of papaya ringspot in different genotypes of the Solo group introduced in Cuba | |
| 650 | _aMAMAO | ||
| 650 | _aCARICA PAPAYA | ||
| 650 | _aDOENCA DE PLANTA | ||
| 650 | _aVIRUS | ||
| 650 | _aANALISE COMPARATIVA | ||
| 650 | _aVARIACAO GENETICA | ||
| 773 | 0 |
_tJournal of Biotechnology and Biodiversity (Brazil) _xISSN 2179-4804 _g(Nov 2011), v. 2(4) p. 28-36 _wBR2016000736 |
|
| 856 | 4 | 0 | _uhttp://revista.uft.edu.br/index.php/JBB/article/view/211/145 |
| 909 |
_a202311 _bLúcia _c55 _dLúcia Elande |
||
| 942 |
_2AGRIS _n0 _cANA |
||
| 999 |
_c247949 _d247949 |
||